000 00578nam a2200157 a 4500
001 000016657
005 20200929164937.0
008 100308s2004 dr a r 000 0 spa d
040 _aDO-SdBNP
_bspa
_cBNPHU
082 _axxx
_bM294m
245 0 0 _aManual metodológico de mecanismos y estrategías de control comunitario en la gestión pública municipal /
_ccompilador Moraima Veras ; editor Fernando Ferrán.
260 _aSanto Domingo :
_bBúho,
_c2004.
300 _a75 p. :
_bil. ;
_c28 cm.
700 1 _aVeras, Moraima
_ecomp.
_937008
700 1 _aFerrán, Fernando
_eed.
_935379
999 _c16190
_d16190